书目信息 |
| 题名: |
专利基础知识新讲
|
|
| 作者: | 黄坤益 主编 | |
| 分册: | ||
| 出版信息: | 北京 专利文献出版社 1983.7 |
|
| 页数: | 107页 | |
| 开本: | 20cm | |
| 丛书名: | ||
| 单 册: | ||
| 中图分类: | N18 | |
| 科图分类: | ||
| 主题词: | 自然科学--创造发明 , 自然科学--先进经验 | |
| 电子资源: | ||
| ISBN: | ||
| 000 | 00569nam0 2200205 45 | |
| 001 | 0312221749 | |
| 005 | 20060426081335.57 | |
| 010 | @dCNY0.55 | |
| 091 | @a17242.42 | |
| 100 | @a20031222d1983 km y0chiy0120 ea | |
| 101 | @achi | |
| 200 | 1 | @a专利基础知识新讲@AZhuan Li Ji Chu Zhi Shi Xin Jiang@f黄坤益主编@FHuang Kun Yi Zhu Bian |
| 210 | @a北京@c专利文献出版社@d1983.7 | |
| 215 | @a107页@d20cm | |
| 606 | 0 | @a自然科学@x创造发明 |
| 606 | 0 | @a自然科学@x先进经验 |
| 690 | @aN18@v3 | |
| 701 | 0 | @a黄坤益@4主编 |
| 801 | @aCN@bTSTCL@c20060426 | |
| 905 | @dN18@e17@f1@b97658 | |
| 专利基础知识新讲/黄坤益主编.-北京:专利文献出版社,1983.7 |
| 107页;20cm |
| ISBN :CNY0.55 |
| ● |
| 相关链接 |
|
|
|
|
正题名:专利基础知识新讲
索取号:N18/17
 
预约/预借
| 序号 | 登录号 | 条形码 | 馆藏地/架位号 | 状态 | 备注 |
| 1 | 0097658 | 000565579 | 第三借阅区/ [索取号:N18/17] | 在馆 | |
| 2 | 0097659 | 202264049 | 密集书库/ [索取号:N18/17] | 在馆 | |
| 3 | 0097660 | 000565588 | 第二样本阅览室/ [索取号:N18/17] | 在馆 |